| 000 | 00592nam a22002057a 4500 | ||
|---|---|---|---|
| 003 | OSt | ||
| 005 | 20160511151326.0 | ||
| 007 | http://koha.must.ac.ug:8080/cgi-bin/koha/cataloguing/addbiblio.pl?frameworkcode=BKS# | ||
| 008 | 160511b xxu||||| |||| 00| 0 eng d | ||
| 020 | _a8121908140 | ||
| 040 | _cDDC. | ||
| 082 | _a574.8VER 1999. | ||
| 100 |
_aVerma,P.S;Agarwal,V.K; _98720 |
||
| 245 | _acytology. | ||
| 260 |
_aNew Delhi; _bS.Chand& Company Ltd. _c1999. |
||
| 300 |
_a567p; _bill; _c24cm. |
||
| 504 | _aincludes glossary and index | ||
| 650 |
_aBiology. _95602 |
||
| 942 |
_2ddc _cSLOAN |
||
| 999 |
_c3990 _d3990 |
||